01663agaaa2200277 45000010005000000030009000050050017000140070009000310080040000400400023000800410013001031000047001161300017001632450174001802500022003542600105003763000033004815080092005145200506006065380016011125460013011286500056011417000068011977000059012657000061013244685IT-RoPAU20220918181256.0d cvaizq50131s9999||||xx ||| | || ||und|| aIT-RoPAUcIT-RoPAU aITALIANO aManfio SergiogCodice regista SPICS: 55764 aCUCCIOLI (5) aCUCCIOLI (5)cProdotto da: Campedelli Piero -- Sceneggiatura: Francesco E Sergio Manfio -- Diretto da: Manfio SergiopCUCCIOLI (5) (Rif. Codice opera principale : H4685) aEdizione Standard a(ITALIA)bRAI FICTION - AGOGO - ALPHANIM - AGOGO / g"2004 (1° ed.: 2004 ; Ed. Lingua Orig.: n.d.)" aVHSbsonoro, col.c60 minuti a"Sceneggiatura: Francesco E Sergio Manfio; Soggetto: Manfio Sergio -- Manfio Francesco" a"LE AVVENTURE DI SEI SCATENATI, SIMPATICISSIMI CUCCIOLI CHE COMPIONO UN LUNGO VIAGGIO DALL'AUSTRALIA FINO A VENEZIA. DIVA, LA PAPERA VANITOSA, LA SAGGIA GATTINA OLLY, CILINDRO IL CONIGLIO ATLETA, IL FLEMMATICO CAGNOLINO PORTATILE, IL RANOCCHIO-ATTORE PIO E INFINE SENZANOME, IL PULCINO CHE RISOLVE I LORO GUAI: TUTTI DIVERSI MA AMICI PER LE PIUME!IN QUESTA QUINTA VIDEOCASSETTA GLI EPISODI: NELLA TERRA DEI PROCIONI; L'ELMO VICHINGO; IL FANTASMA CLOWN; LA MUMMIA; L'ISTRICE ATTRICE; ARRIVO A VENEZIA." aPAL, STEREO aITALIANO aANIMAZIONEeFILMS [VHS]xCodice MATERIA SPICS: 9960 aManfio Francesco e(soggetto)gCodice Soggetto 2° SPICS: 57746 aManfio Sergio e(regista)gCodice regista SPICS: 55764 aManfio Sergio e(soggetto)gCodice Soggetto SPICS: 55764